00770 2200289 4500001002100000005001700021008004100038020001800079035002400097082000800121090001800129100002100147245007700168250001100245260003100256300002900287440002300316650002000339700002400359850001700383980001400400985000600414999001500420999001500435999001500450999001500465YOGYA-0209000003649920090227025130.0 ind  a979-21-1334-7 0010-020900000036499 a535 a535bRuw ClK aRUWANTO, Bambang aCahaya & bayang-bayangcBambang Ruwanto ; ilustrator, Bambang Shakuntala aCet. 1 aYogyakartabKanisiusc2006 a[24] hlmbilusc20x23 cm aSeri mengenal alam aCahaya - Bacaan aShakuntala, Bambang aYOPDYOG(JSC) a8-11-2006 a4 a06P0000165 a06P0000166 a06P0000167 a06P0000168